Obecni Polscy Europosłowie (X kadencji PE) - Statystyki

Ogólne statystyki
  • Ten quiz został rozwiązany 22 razy
  • Średni wynik to 23 z 53
Statystyki odpowiedzi
Europoseł Partia w Polsce Grupa w PE % Poprawnych
Beata Szydło PiS Europejscy Konserwatyści i Reformatorzy
100%
Grzegorz Braun Konfederacja Korony Polskiej Niezrzeszony
100%
Anna Bryłka Ruch Narodowy Patrioci za Europą
86%
Ewa Zajączkowska-Hernik Nowa Nadzieja Europa Suwerennych Narodów
86%
Krzysztof Śmiszek Nowa Lewica Postępowy Sojusz Socjalistów i Demokratów
86%
Michał Kobosko Polska 2050 Odnówmy Europę
86%
Robert Biedroń Nowa Lewica Postępowy Sojusz Socjalistów i Demokratów
86%
Borys Budka KO Europejska Partia Ludowa
71%
Dariusz Joński KO Europejska Partia Ludowa
71%
Dominik Tarczyński PiS Europejscy Konserwatyści i Reformatorzy
71%
Ewa Kopacz KO Europejska Partia Ludowa
71%
Joanna Scheuring-Wielgus Nowa Lewica Postępowy Sojusz Socjalistów i Demokratów
71%
Krzysztof Hetman PSL Europejska Partia Ludowa
71%
Michał Szczerba KO Europejska Partia Ludowa
71%
Bartłomiej Sienkiewicz KO Europejska Partia Ludowa
57%
Maciej Wąsik PiS Europejscy Konserwatyści i Reformatorzy
57%
Mariusz Kamiński PiS Europejscy Konserwatyści i Reformatorzy
57%
Patryk Jaki PiS Europejscy Konserwatyści i Reformatorzy
57%
Stanisław Tyszka Nowa Nadzieja Europa Suwerennych Narodów
57%
Adam Bielan PiS Europejscy Konserwatyści i Reformatorzy
43%
Andrzej Halicki KO Europejska Partia Ludowa
43%
Arkadiusz Mularczyk PiS Europejscy Konserwatyści i Reformatorzy
43%
Bartosz Arłukowicz KO Europejska Partia Ludowa
43%
Daniel Obajtek PiS Europejscy Konserwatyści i Reformatorzy
43%
Hanna Gronkiewicz-Waltz KO Europejska Partia Ludowa
43%
Jacek Ozdoba PiS Europejscy Konserwatyści i Reformatorzy
43%
Jadwiga Wiśniewska PiS Europejscy Konserwatyści i Reformatorzy
43%
Jagna Marczułajtis-Walczak KO Europejska Partia Ludowa
43%
Magdalena Adamowicz KO Europejska Partia Ludowa
43%
Tobiasz Bocheński PiS Europejscy Konserwatyści i Reformatorzy
43%
Adam Jarubas PSL Europejska Partia Ludowa
29%
Anna Zalewska PiS Europejscy Konserwatyści i Reformatorzy
29%
Janusz Lewandowski KO Europejska Partia Ludowa
29%
Łukasz Kohut KO Europejska Partia Ludowa
29%
Marcin Sypniewski Nowa Nadzieja Europa Suwerennych Narodów
29%
Marlena Maląg PiS Europejscy Konserwatyści i Reformatorzy
29%
Marta Wcisło KO Europejska Partia Ludowa
29%
Michał Dworczyk PiS Europejscy Konserwatyści i Reformatorzy
29%
Piotr Müller PiS Europejscy Konserwatyści i Reformatorzy
29%
Tomasz Buczek Ruch Narodowy Patrioci za Europą
29%
Waldemar Buda PiS Europejscy Konserwatyści i Reformatorzy
29%
Elżbieta Łukacijewska KO Europejska Partia Ludowa
14%
Joachim Brudziński PiS Europejscy Konserwatyści i Reformatorzy
14%
Kamila Gasiuk-Pihowicz KO Europejska Partia Ludowa
14%
Kosma Złotowski PiS Europejscy Konserwatyści i Reformatorzy
14%
Krzysztof Brejza KO Europejska Partia Ludowa
14%
Małgorzata Gosiewska PiS Europejscy Konserwatyści i Reformatorzy
14%
Andrzej Buła KO Europejska Partia Ludowa
0%
Bogdan Rzońca PiS Europejscy Konserwatyści i Reformatorzy
0%
Bogdan Zdrojewski KO Europejska Partia Ludowa
0%
Jacek Protas KO Europejska Partia Ludowa
0%
Michał Wawrykiewicz KO Europejska Partia Ludowa
0%
Mirosława Nykiel KO Europejska Partia Ludowa
0%
Nie znaleziono quizów pasujących do podanych kryteriów
Rozkład punktacji
Procent ludzi z każdym wynikiem
Percentyl według liczby udzielonych odpowiedzi
Twoja historia wyników
Nie rozwiązałeś tego quizu